| 000 | 00637nam a2200253Ia 4500 | ||
|---|---|---|---|
| 003 | OSt | ||
| 005 | 20220918185941.0 | ||
| 006 | a|||||r|||| 00| 0 | ||
| 007 | ta | ||
| 008 | 220917b |||||||| |||| 00| 0 eng d | ||
| 024 | _a53,776 | ||
| 037 | _cTextual | ||
| 040 |
_aARTS _cARTS _beng |
||
| 041 |
_2eng _aeng |
||
| 082 | _aP113,E, J5 | ||
| 100 |
_aWright J _967440 |
||
| 245 | 0 | _aMiddle high German Primer ed by M O C Walshe | |
| 250 | _a5th | ||
| 260 |
_aLondon _bO U P _c1968 |
||
| 300 |
_aiv, 227p. _ccm. |
||
| 650 | _aLINGUISTICS | ||
| 942 |
_hP113,E, J5 _cTEXL _2CC |
||
| 999 |
_c182789 _d182789 |
||